000
00217nam a2200097Ia 4500
008
190216s9999||||xx |||||||||||||| ||und||
100
_a
Muttathu Varkey
245
0
_a
Thekkan Kattu
260
_b
Null
942
_c
BK
999
_c
24612
_d
24612